Quiz o powiecie o nowomiejskim - Statystyki

Ogólne statystyki
  • Ten quiz został rozwiązany 10 razy
  • Średni wynik to 10 z 18
Statystyki odpowiedzi
Pytanie Odpowiedź % Poprawnych
Liczba gmin miejskich 1
80%
Liczba gmin (ogółem) 5
80%
Największa gmina (pod względem powierzchni) Biskupiec
80%
iławski
80%
Największa wieś (pod względem liczny ludności) Kurzętnik
80%
Siedziba władz powiatu Nowe Miasto Lubawskie
80%
Województwo, w którym leży warmińsko-mazurskie
80%
Jedyna droga krajowa przecinająca powiat 15
60%
brodnicki
60%
Brodnicki PK
60%
Sąsiednie powiaty działdowski
60%
grudziądzki
60%
Ośrodek narciarski na terenie powiatu Kurza Góra
60%
Pierwsze litery na tablicach rejestracyjnych pojazdów NNM
40%
Najdłuższa rzeka przepływająca przez powiat Drwęca
20%
Najdłuższe jezioro powiatu Jezioro Skarlińskie
20%
Największe jezioro na terenie powiatu Jezioro Wielkie Partęczyny
20%
Parki krajobrazowe na terenie powiatu Welski PK
20%
Nie znaleziono quizów pasujących do podanych kryteriów
Rozkład punktacji
Procent ludzi z każdym wynikiem
Percentyl według liczby udzielonych odpowiedzi
Twoja historia wyników
Nie rozwiązałeś tego quizu